000 00639nam a2200193Ia 4500
003 LDD
008 190117s9999 xx 000 0 und d
020 _a8185127360
_c₹60
040 _cLDD
041 _ahi
082 _a8H3.7 शा76आ
100 _aशाह, रमेशचंद्र
245 0 _aआखिरी दिन
_cरमेशचंद्र शाह
260 _aबीकानेर
_bवाग्देवी प्रकाशन
_c1995
300 _a119पृ.
901 _aVANI
904 _aReqst by : Parakh, Jawarimal (Dr.)
942 _2ddc
_cH
999 _c171630
_d171630